Statistics for Footballers that Won a Trophy after Leaving Tottenham

Click here to take the quiz!

General Stats

  • This quiz has been taken 39 times
  • The average score is 14 of 95

Answer Stats

Trophy/iesLeft ClubAnswer% Correct
2021 Serie A, 2023 EFL Cup28 January 2020🇩🇰Christian Eriksen
82%
2017 La Liga^, 2020 La Liga^, 2022 La Liga, 2014 Copa del Rey^, 2017 Supercopa de España^, 2014 UEFA Champions League^, 2016 UEFA Champions League^, 2017 UEFA Champions League^, 2018 UEFA Champions League^, 2022 UEFA Champions League,
2014 UEFA Super Cup^, 2017 UEFA Super Cup^, 2014 FIFA Club World Cup^, 2017 FIFA Club World Cup^, 2018 FIFA Club World Cup^, 2022 MLS Cup, 2022 Supporters' Shield
1 September 2013🏴󠁧󠁢󠁷󠁬󠁳󠁿Gareth Bale
65%
2017 Vanarama National League30 June 2010*🏴󠁧󠁢󠁥󠁮󠁧󠁿Jimmy Walker
65%
2018 English Premier League, 2019 English Premier League, 2021 English Premier League, 2022 English Premier League, 2019 FA Cup, 2018 EFL Cup, 2019 EFL Cup, 2020 EFL Cup, 2021 EFL Cup, 2018 FA Community Shield, 2019 Community Shield14 July 2017🏴󠁧󠁢󠁥󠁮󠁧󠁿Kyle Walker
65%
2021 Canadian Championship3 March 2020🇰🇪Victor Wanyama
65%
2017 La Liga, 2020 La Liga, 2022 La Liga, 2014 Copa del Rey
2012 Supercopa de España, 2017 Supercopa de España, 2020 Supercopa de España, 2022 Supercopa de España, 2014 UEFA Champions League, 2016 UEFA Champions League, 2017 UEFA Champions League, 2018 UEFA Champions League, 2022 UEFA Champions League, 2014 UEFA Super Cup, 2016 UEFA Super Cup, 2017 UEFA Super Cup, 2022 UEFA Super Cup,
2014 FIFA Club World Cup, 2016 FIFA Club World Cup, 2017 FIFA Club World Cup, 2018 FIFA Club World Cup, 2022 FIFA Club World Cup
27 August 2012🇭🇷Luka Modrić
59%
2021 La Liga17 July 2019🏴󠁧󠁢󠁥󠁮󠁧󠁿Kieran Trippier
50%
2009 English Premier League, 2011 English Premier League, 2010 English Football League Cup, 2010 FA Community Shield, 2011 FA Community Shield, 2008 FIFA Club World Cup1 September 2008🇧🇬Dimitar Berbatov
44%
2021 Scottish Premiership28 February 2014 / 30 January 2008🏴󠁧󠁢󠁥󠁮󠁧󠁿Jermain Defoe
41%
2011 MLS Cup, 2012 MLS Cup, 2014 MLS Cup, 2011 Supporters' Shield15 August 2011 / 28 July 2008🇮🇪Robbie Keane
38%
2007 English Premier League, 2008 English Premier League, 2009 English Premier League, 2011 English Premier League, 2013 English Premier League, 2016 FA Cup, 2010 English Football League Cup, 2017 English Football League Cup, 2007 FA Community Shield, 2008 FA Community Shield, 2010 FA Community Shield, 2011 FA Community Shield, 2013 FA Community Shield, 2016 FA Community Shield, 2008 UEFA Champions League, 2017 UEFA Europa League,
2008 FIFA Club World Cup
28 July 2006**🏴󠁧󠁢󠁥󠁮󠁧󠁿Michael Carrick
35%
2011 Football League Cup10 August 2004🇮🇪Stephen Carr
35%
2002 English Premier League, 2004 English Premier League, 2002 FA Cup, 2003 FA Cup, 2005 FA Cup, 2002 FA Community Shield, 2008 FA Cup1 July 2001**🏴󠁧󠁢󠁥󠁮󠁧󠁿Sol Campbell
32%
2019 Liga MX Apertura, 2020 Copa MX, 2021 CONCACAF Champions League23 July 2019🇳🇱Vincent Janssen
32%
2016 MLS Cup, 2014 Supporters' Shield, 2014 U.S. Open Cup2 August 2013🇺🇸Clint Dempsey
29%
2018 Danish Superliga31 August 2012🇳🇱Rafael van der Vaart
29%
2021 Süper Lig, 2021 Turkish Cup, 2021 Turkish Super Cup22 August 2019🇫🇷
Georges-Kévin Nkoudou
21%
2021 UEFA Europa League6 July 2015🇫🇷Étienne Capoue
21%
2020 Coppa Italia30 June 2019*🇪🇸Fernando Llorente
21%
2015 Chinese Super League, 2016 Chinese Super League, 2019 Chinese Super League, 2016 Chinese FA Cup, 2016 Chinese FA Super Cup, 2017 Chinese FA Super Cup, 2015 AFC Champions League, 2018 La Liga, 2018 Copa del Rey29 June 2015🇧🇷Paulinho
21%
2004 English Football League First Division^, 2006 FA Cup^, 2006 FA Community Shield^31 August 2011 / 27 July 2000*🏴󠁧󠁢󠁥󠁮󠁧󠁿Peter Crouch
21%
2015 English Football League Championship28 January 2014🏴󠁧󠁢󠁥󠁮󠁧󠁿Adam Smith
18%
2011 English Football League Championship, 2019 Portuguese Primeira Liga, 2019 Supertaça Cândido de Oliveira5 August 2010🇲🇦Adel Taarabt
18%
2017 EFL Championship24 August 2016🇺🇸DeAndre Yedlin
18%
2007 Copa del Rey, 2010 Copa del Rey, 2007 Supercopa de España, 2006 UEFA Cup, 2007 UEFA Cup, 2006 UEFA Super Cup18 August 2005🇲🇱Frédéric Kanouté
18%
2019 Campeón de Campeones31 August 2012🇲🇽Giovani dos Santos
18%
2021 EFL League One Play-off Final1 August 2016🏴󠁧󠁢󠁥󠁮󠁧󠁿Grant Ward
18%
2015 Russian Cup31 January 2012🇷🇺Roman Pavlyuchenko
18%
2018 Russian Premier League, 2015 Russian Cup, 2017 Russian Cup, 2019 Russian Cup, 2021 Russian Cup, 2019 Russian Super Cup
27 June 2012*🇭🇷Vedran Ćorluka
18%
2010 Copa del Rey8 July 2009🇨🇮Didier Zokora
15%
2011 Serie A, 2011 Supercoppa Italiana, 2018 DFB-Pokal, 2019 La Liga
28 August 2009🇬🇭Kevin-Prince Boateng
15%
2010 Saudi Professional League, 2011 Saudi Professional League,
2010 Saudi Crown Prince Cup, 2011 Saudi Crown Prince Cup
27 August 2008🇰🇷Lee Young-pyo
15%
2011 Eredivisie16 August 2007🇪🇬Mido
15%
2016 EFL Championship Play-off Final14 August 2013🏴󠁧󠁢󠁥󠁮󠁧󠁿Tom Huddlestone
15%
2016 Ligue 1, 2016 Coupe de France, 2016 Coupe de la Ligue,
2015 Trophée des Champions, 2016 Trophée des Champions
20 July 2015🇫🇷Benjamin Stambouli
12%
2018 Isthmian League Premier Division, 2017 Isthmian League Cup, 2018 Isthmian League Cup, 2018 Essex Senior Cup21 June 2011🏴󠁧󠁢󠁥󠁮󠁧󠁿Jamie O'Hara
12%
2015 English Football League Championship Play-off Final21 August 2012🇨🇲Sébastien Bassong
12%
2011 Eredivisie, 2013 Finnish Veikkausliiga, 2014 Finnish Veikkausliiga, 2014 Finnish Cup23 July 2008🇫🇮Teemu Tainio
12%
2007 KNVB Cup28 January 2007**🇳🇱Edgar Davids
9%
2011 Minas Gerais State Championship24 July 2009🇧🇷Gilberto
9%
2011Egyptian Premier League, 2016 Egyptian Premier League, 2017 Egyptian Premier League, 2018 Egyptian Premier League, 2017 Egypt Cup,
2011 Egyptian Super Cup, 2015 Egyptian Super Cup, 2016 Egyptian Super Cup
23 January 2009🇪🇬Hossam Ghaly
9%
2016 EFL Championship Play-off Final21 June 2014🏴󠁧󠁢󠁥󠁮󠁧󠁿Jake Livermore
9%
2011 English Football League Championship1 July 2008🇨🇿Radek Černý
9%
2008 FA Cup12 January 2005🏴󠁧󠁢󠁥󠁮󠁧󠁿Sean Davis
9%
2005 Norwegian Tippeligaen1 August 2003🇳🇴Steffen Iversen
9%
2005 English Football League Championship Play-off Final, 2014 English Football League Championship Play-off Final4 February 2004🏴󠁧󠁢󠁥󠁮󠁧󠁿Bobby Zamora
6%
2010 Football League Trophy28 November 2003🏴󠁧󠁢󠁥󠁮󠁧󠁿Chris Perry
6%
2008 English Football League Championship Play-off Final, 2016 English Football League Championship14 July 2006**🏴󠁧󠁢󠁥󠁮󠁧󠁿Dean Marney
6%
2011 Swedish Allsvenskan, 2010 Svenska Cupen, 2011 Svenska Cupen, 2011 Svenska Supercupen, 2012 Svenska Supercupen3 August 2005🇸🇪Erik Edman
6%
2010 English Football League One20 August 2004🇮🇪Gary Doherty
6%
2007 Portuguese Primeira Liga, 2004 Supertaça Cândido de Oliveira, 2004 Intercontinental Cup, 2008 Supertaça Cândido de Oliveira, 2016 Indian Super League8 July 2004🇵🇹Hélder Postiga
6%
2005 Belgian First Division A, 2004 Belgian Cup, 2007 Belgian Cup, 2004 Belgian Super Cup, 2005 Belgian Super Cup28 January 2004🇧🇪Jonathan Blondel
6%
2020 EFL Championship Play-off Final, 2022 EFL Championship8 August 2019🏴󠁧󠁢󠁥󠁮󠁧󠁿Josh Onomah
6%
2009 Lamar Hunt U.S. Open Cup, 2010 Lamar Hunt U.S. Open Cup, 2011 Lamar Hunt U.S. Open Cup15 January 2005🇺🇸Kasey Keller
6%
2021 EFL League One Play-off Final30 June 2014*🇯🇲Kevin Stewart
6%
2005 Football League Championship Play-off Final4 August 2003🏴󠁧󠁢󠁥󠁮󠁧󠁿Matthew Etherington
6%
2007 English Football League Trophy, 2008 English League One Play-off Final, 2013 English Football League One29 August 2003🏴󠁧󠁢󠁳󠁣󠁴󠁿Neil Sullivan
6%
2008 FA Cup12 January 2005🇫🇷Noé Pamarot
6%
2008 FA Cup, 2009 Scottish Premier League12 January 2005🇵🇹Pedro Mendes
6%
2012 Turkish Cup, 2013 Turkish Cup, 2015 Swiss Cup, 2022 Swiss Cup
3 July 2007🇨🇭Reto Ziegler
6%
2003 English Football League First Division11 February 2003🏴󠁧󠁢󠁥󠁮󠁧󠁿TIm Sherwood
6%
2010 English Football League Championship, 2011 English Football League Championship, 2013 English Football League Cup30 January 2008🏴󠁧󠁢󠁥󠁮󠁧󠁿Wayne Routledge
6%
2014 Spanish Segunda División, 2018 Ligue 1, 2018 Coupe de France, 2018 Coupe de la Ligue20 July 2009*🇪🇸Yuri Berchiche
6%
2022 EFL League One Play-off Final4 August 2016🏴󠁧󠁢󠁥󠁮󠁧󠁿Alex Pritchard
3%
2016 English Football League League Two Play-off Final2 January 2009🏴󠁧󠁢󠁥󠁮󠁧󠁿Andy Barcham
3%
2019 EFL Trophy18 July 2018🏴󠁧󠁢󠁥󠁮󠁧󠁿Anton Walkes
3%
2017 USL Championship Final, 2018 USL Championship Final30 June 2014*🏴󠁧󠁢󠁥󠁮󠁧󠁿Cameron Lancaster
3%
2015 EFL Championship6 January 2009🏴󠁧󠁢󠁥󠁮󠁧󠁿Charlie Daniels
3%
2018 Polish SuperCup8 June 2018*🇨🇩Christian Maghoma
3%
2018 EFL Championship Play-off Final28 August 2012🏴󠁧󠁢󠁥󠁮󠁧󠁿David Button
3%
2021 Malaysian Cup30 June 2014*🇦🇺Giancarlo Gallifuoco
3%
2016 Vanarama National League30 June 2013*🏴󠁧󠁢󠁥󠁮󠁧󠁿Jack Barthram
3%
2016 Vanarama National League30 June 2013*🏴󠁧󠁢󠁥󠁮󠁧󠁿Jack Munns
3%
2006 FA Trophy, 2007 FA Trophy1 April 2005**🏴󠁧󠁢󠁥󠁮󠁧󠁿Jamie Slabber
3%
2013 English Football League League Two, 2020 English Football League League Two Play-off Final1 July 2008🏴󠁧󠁢󠁥󠁮󠁧󠁿Joe Martin
3%
2017 EFL League One Play-off Final1 July 2015🏴󠁧󠁢󠁳󠁣󠁴󠁿Jordan Archer
3%
2006 Norwegian Premier League, 2008 Romanian Liga I, 2009 Romanian Cup1 August 2004**🇨🇦Lars Hirschfeld
3%
2022 EFL League Two12 July 2017🏴󠁧󠁢󠁥󠁮󠁧󠁿Luke McGee
3%
2005 English Football League Two Play-off Final, 2006 English Football League One, 2011 English Football League Championship Play-off Final17 January 2001*🏴󠁧󠁢󠁥󠁮󠁧󠁿Mark Gower
3%
2016 EFL Championship Play-off Final26 August 2014🏴󠁧󠁢󠁥󠁮󠁧󠁿Michael Dawson
3%
2009 Eredivisie, 2009 Johan Cruyff Shield, 2011 Eredivisie1 July 2006**🇲🇦Mounir El Hamdaoui
3%
2018 EFL League One9 July 2013*🏴󠁧󠁢󠁥󠁮󠁧󠁿Nathan Byrne
3%
2018 Slovenian PrvaLiga, 2018 Slovenian Cup, 2020 FAI Cup14 February 2017🏴󠁧󠁢󠁥󠁮󠁧󠁿Nathan Oduwa
3%
2005 Irish Premier Division, 2008 Irish Premier Division, 2009 Irish Premier Division, 2010 Irish Premier Division, 2008 Irish Cup1 July 2001**🇮🇪Neale Fenn
3%
Leinster Senior Cup1 June 2012*🇸🇪Oscar Jansson
3%
2022 London Senior Cup16 January 2020🏴󠁧󠁢󠁥󠁮󠁧󠁿Paris Maghoma
3%
2018 Belgian Cup19 July 2011🇧🇪Paul-José M'Poku
3%
2013 Taça de Portugal, 2013 Campeonato Carioca, 2017 Slovenian Championship, 2016 Slovenian Cup1 July 2007**🇧🇷Rodrigo Defendi
3%
2017 EFL Trophy26 March 2015🇵🇹Rúben Lameiras
3%
2018 EFL Championship Play-off Final6 August 2015🏴󠁧󠁢󠁥󠁮󠁧󠁿Ryan Fredericks
3%
2012 MLS Supporters' Shield, 2012 MLS Western Conference Regular Season Championship1 June 2009*🇯🇲Simon Dawkins
3%
2016 Greek Cup, 2018 Israeli Premier League, 2020 Ekstraklasa, 2021 Ekstraklasa
12 January 2010🇨🇿Tomáš Pekhart
3%
2021 A-League Premiership, 2021 A-League Championship7 June 2019*🇦🇺Tom Glover
3%
2007 Israeli Toto Cup1 July 2002**🇫🇷Yannick Kamanan
3%
2020 EFL League Two1 September 2014🏴󠁧󠁢󠁥󠁮󠁧󠁿Zeki Fryers
3%

Score Distribution

Percentile by Number Answered

Percent of People with Each Score

Your Score History

You have not taken this quiz